000 00386nam a2200145 i 4500
001 bg
100 1 _aBURDZY, Janina
245 0 _aRachunek prawdopodobieĊ„stwa z elementami kombinatoryki /
_cJanina Burdzy ; Politechnika Lubelska.
260 _aLublin :
_bPL,
_c1978.
040 _cBPK
041 _apol
080 _a519.1
942 _cKS
008 s pl f |000 0 pol
999 _c18477
_d18477
856 _uhttp://koha.tu.koszalin.pl/cgi-bin/koha/opac-detail.pl?biblionumber=18477
_yKatalog online BPK